Fundamentos de matemáticas universitarias

Guardado en:
Detalles Bibliográficos
Autor principal: Allendoerfer, Carl B (Autor)
Otros Autores: Oakley, Cletus O. (autor)
Formato: Libro
Lenguaje:español
Publicado: Ciudad de México MacGraw-Hill 1970
Edición:2a. ed
Materias:
Etiquetas: Agregar Etiqueta
Sin Etiquetas, Sea el primero en etiquetar este registro!

MARC

LEADER 00000nam a2200000 a 4500
001 UCU2777
003 CL-VaPUC
008 960426e19700000MX |||||||||||||||||spa|d
082 0 4 |a 515.2  |b ALL  |2 21 
100 0 |a Allendoerfer, Carl B  |e author  |9 359295 
700 |a Oakley, Cletus O.  |e autor  |9 359298 
245 1 0 |a Fundamentos de matemáticas universitarias 
250 |a 2a. ed 
300 |a 600 p 
942 |c BK 
945 |d 19960426 00:00:00  |a lriquelm 
260 |a Ciudad de México  |b MacGraw-Hill  |c 1970 
650 0 |a Matemática  |9 260235 
650 0 |a Números   |9 265328 
650 0 |a Números racionales   |9 316867 
650 0 |a Números complejos  |9 270335 
650 0 |a Ecuaciones  |9 260137 
650 0 |a Álgebra  |9 259567 
650 0 |a Polinomios  |9 270626 
650 0 |a Vectores  |9 317184 
650 0 |a Matrices   |9 22 
650 0 |a Funciones   |9 263869 
650 0 |a Logaritmos  |9 260266 
650 0 |a Trigonometría   |9 259568 
650 0 |a Geometría analítica   |9 260062 
583 |a last modification  |c 19960426 00:00:00  |k Rodrigo Vera 
999 |c 247000  |d 246998 
952 |0 0  |1 0  |4 0  |6 515_200000000000000_ALL_1970  |7 0  |8 A  |9 262450  |a BIBING  |b BIBING  |d 2019-11-19  |i 1643711  |l 8  |o 515.2 ALL 1970  |p 1643711  |r 2025-03-13  |s 2025-03-13  |w 2019-11-19  |y BK  |k ING 
952 |0 0  |1 0  |4 0  |6 515_200000000000000_ALL_1970  |7 0  |8 A  |9 262451  |a BIBMAT  |b BIBMAT  |d 2019-11-19  |i 1491369  |o 515.2 ALL 1970  |p 1491369  |r 2025-01-07  |w 2019-11-19  |y BK  |k MAT